<?xml version="1.0" encoding="UTF-8"?>
<record
    xmlns:xsi="http://www.w3.org/2001/XMLSchema-instance"
    xsi:schemaLocation="http://www.loc.gov/MARC21/slim http://www.loc.gov/standards/marcxml/schema/MARC21slim.xsd"
    xmlns="http://www.loc.gov/MARC21/slim">

  <leader>01229nam a2200265Ia 4500</leader>
  <controlfield tag="003">OSt</controlfield>
  <controlfield tag="005">20200825142051.0</controlfield>
  <controlfield tag="008">191128s1998    ck     fr     000 0 spa d</controlfield>
  <datafield tag="020" ind1=" " ind2=" ">
    <subfield code="a">9588025176 </subfield>
    <subfield code="q">colecci&#xF3;n</subfield>
  </datafield>
  <datafield tag="020" ind1=" " ind2=" ">
    <subfield code="a">9588025184</subfield>
    <subfield code="q">v.2</subfield>
  </datafield>
  <datafield tag="040" ind1=" " ind2=" ">
    <subfield code="a">CO-JMCR</subfield>
    <subfield code="c">CO-JMCR</subfield>
  </datafield>
  <datafield tag="041" ind1="0" ind2=" ">
    <subfield code="a">spa</subfield>
  </datafield>
  <datafield tag="082" ind1="0" ind2="4">
    <subfield code="a">350.00725 /</subfield>
    <subfield code="b">C718n</subfield>
    <subfield code="2">23</subfield>
  </datafield>
  <datafield tag="110" ind1="1" ind2=" ">
    <subfield code="a">Colombia.</subfield>
    <subfield code="b">Departamento Nacional de Planeaci&#xF3;n </subfield>
    <subfield code="9">4087</subfield>
  </datafield>
  <datafield tag="245" ind1="1" ind2="0">
    <subfield code="a">Normas modelo para la creaci&#xF3;n y regulaci&#xF3;n de los bancos territoriales de programas y proyectos de Inversi&#xF3;n p&#xFA;blica / </subfield>
    <subfield code="c">Departamento Nacional de Planeaci&#xF3;n</subfield>
  </datafield>
  <datafield tag="260" ind1=" " ind2=" ">
    <subfield code="a">Bogot&#xE1; : </subfield>
    <subfield code="b">Departamento Nacional de Planeaci&#xF3;n,  </subfield>
    <subfield code="c">1998</subfield>
  </datafield>
  <datafield tag="300" ind1=" " ind2=" ">
    <subfield code="a">40 p&#xE1;ginas ; </subfield>
    <subfield code="c">22 cm.</subfield>
  </datafield>
  <datafield tag="490" ind1="0" ind2=" ">
    <subfield code="a">Ayuda ; </subfield>
    <subfield code="v">2</subfield>
  </datafield>
  <datafield tag="500" ind1=" " ind2=" ">
    <subfield code="a">Incluye notas a pie de p&#xE1;gina.</subfield>
  </datafield>
  <datafield tag="505" ind1="0" ind2=" ">
    <subfield code="a">Normas modelos para la creaci&#xF3;n y regulaci&#xF3;n de los bancos de programas y proyectos de inversi&#xF3;n p&#xFA;blica de departamentos, distritos y municipios con cien mil o m&#xE1;s habitantes -- Normas modelos para la creaci&#xF3;n y regulaci&#xF3;n de los bancos</subfield>
  </datafield>
  <datafield tag="650" ind1="1" ind2="4">
    <subfield code="a">Planificaci&#xF3;n</subfield>
    <subfield code="x">proyectos de desarrollo</subfield>
    <subfield code="9">9217</subfield>
  </datafield>
  <datafield tag="650" ind1="1" ind2="4">
    <subfield code="a">Proyectos de inversi&#xF3;n </subfield>
    <subfield code="x">metodolog&#xED;a</subfield>
    <subfield code="9">9218</subfield>
  </datafield>
  <datafield tag="650" ind1="1" ind2="4">
    <subfield code="a">Inversiones p&#xFA;blicas</subfield>
    <subfield code="x">gesti&#xF3;n de proyectos</subfield>
    <subfield code="9">9219</subfield>
  </datafield>
  <datafield tag="942" ind1=" " ind2=" ">
    <subfield code="2">ddc</subfield>
    <subfield code="c">BK</subfield>
  </datafield>
  <datafield tag="999" ind1=" " ind2=" ">
    <subfield code="c">5935</subfield>
    <subfield code="d">5935</subfield>
  </datafield>
  <datafield tag="952" ind1=" " ind2=" ">
    <subfield code="0">0</subfield>
    <subfield code="1">0</subfield>
    <subfield code="2">ddc</subfield>
    <subfield code="4">0</subfield>
    <subfield code="7">0</subfield>
    <subfield code="8">NFIC</subfield>
    <subfield code="a">CPL</subfield>
    <subfield code="b">CPL</subfield>
    <subfield code="d">2019-04-15</subfield>
    <subfield code="e">Donaci&#xF3;n</subfield>
    <subfield code="o">350.00725 / C718n</subfield>
    <subfield code="p">430010139</subfield>
    <subfield code="r">2024-05-16 00:00:00</subfield>
    <subfield code="t">V.2 / Ej.1</subfield>
    <subfield code="y">BK</subfield>
  </datafield>
</record>
